The Principles of computer hardware / (Record no. 2943)
[ view plain ]
| 000 -LEADER | |
|---|---|
| fixed length control field | 00785nam a22002292 4500 |
| 001 - CONTROL NUMBER | |
| control field | 0000005251 |
| 005 - DATE AND TIME OF LATEST TRANSACTION | |
| control field | 20151217145824.0 |
| 008 - FIXED-LENGTH DATA ELEMENTS--GENERAL INFORMATION | |
| fixed length control field | 070611s xx 000 0 eng d |
| 020 ## - INTERNATIONAL STANDARD BOOK NUMBER | |
| International Standard Book Number | 0198564538 (pbk.) : |
| Terms of availability | KES 3,530 |
| 040 ## - CATALOGING SOURCE | |
| Original cataloging agency | KABU |
| Transcribing agency | KABU |
| 050 #0 - LIBRARY OF CONGRESS CALL NUMBER | |
| Classification number | TK7888.3 |
| Item number | .C64 2000 |
| 100 1# - MAIN ENTRY--PERSONAL NAME | |
| Personal name | Clements, Alan, |
| Dates associated with a name | 1948-. |
| -- | 0000156437 |
| 245 14 - TITLE STATEMENT | |
| Title | The Principles of computer hardware / |
| Statement of responsibility, etc. | Alan Clements. |
| 250 ## - EDITION STATEMENT | |
| Edition statement | 3rd ed. |
| 260 ## - PUBLICATION, DISTRIBUTION, ETC. (IMPRINT) | |
| Place of publication, distribution, etc. | Oxford : |
| Name of publisher, distributor, etc. | Oxford University Press, |
| Date of publication, distribution, etc. | 2000. |
| 300 ## - PHYSICAL DESCRIPTION | |
| Extent | xvi, 716 p. : |
| Other physical details | ill. ; |
| Dimensions | 26 cm. + |
| Accompanying material | 1 computer optical disc (4 3/4 in.) |
| 504 ## - BIBLIOGRAPHY, ETC. NOTE | |
| Bibliography, etc | Includes bibliographical references and index. |
| 650 #0 - SUBJECT ADDED ENTRY--TOPICAL TERM | |
| Topical term or geographic name as entry element | Electronic digital computers. |
| -- | 0000071023 |
| 908 ## - PUT COMMAND PARAMETER (RLIN) | |
| Put command parameter | 070611 |
| 950 ## - LOCAL HOLDINGS (RLIN) | |
| -- | 1 |
| Withdrawn status | Lost status | Source of classification or shelving scheme | Not for loan | Home library | Current library | Date acquired | Total Checkouts | Full call number | Barcode | Date last seen | Price effective from | Koha item type | Date last checked out |
|---|---|---|---|---|---|---|---|---|---|---|---|---|---|
| Library of Congress Classification | Kabarak, Main Campus | Kabarak, Main Campus | 17/12/2015 | TK7888.3 .C64 2000 | 008305 | 17/12/2015 | 17/12/2015 | General Collection | |||||
| Library of Congress Classification | Kabarak, Main Campus | Kabarak, Main Campus | 17/12/2015 | 1 | TK7888.3 .C64 2000 | 012710 | 04/04/2023 | 17/12/2015 | General Collection | 30/03/2023 | |||
| Library of Congress Classification | Kabarak, Main Campus | Kabarak, Main Campus | 17/12/2015 | TK7888.3 .C64 2000 | 008306 | 17/12/2015 | 17/12/2015 | General Collection | |||||
| Library of Congress Classification | Kabarak, Main Campus | Kabarak, Main Campus | 17/12/2015 | TK7888.3 .C64 2000 | 010214 | 17/12/2015 | 17/12/2015 | General Collection |